[Event "Jana Macieja mem."]
[Site "Warszawa POL"]
[Date "2022.07.08"]
[Round "1.18"]
[White "Siekanska, Zuzanna"]
[Black "Golubka, Petro"]
[Result "0-1"]
[WhiteElo "1528"]
[BlackElo "2353"]
[WhiteFideId "-1"]
[BlackFideId "-1"]
[PlyCount "85"]
[GameId "2130307573937096"]
[EventDate "2022.07.08"]
[EventType "swiss"]
[EventRounds "9"]
[EventCountry "POL"]
[SourceTitle "10 Days #693"]
[Source "ChessMix"]
[SourceDate "2022.07.20"]
[SourceVersion "1"]
[SourceVersionDate "2022.07.20"]
[SourceQuality "1"]

1. e4 Nf6 2. d4 g6 3. c4 Bg7 4. Nc3 d6 5. h3 O-O 6. Be3 b6 7. Nge2 c5 8. d5 e6 9. Qd2 Ba6 10. Ng3 exd5 11. exd5 Nbd7 12. Rc1 Ne5 13. b3 Ne8 14. Be2 f5 15. f4 Nf7 16. O-O Nf6 17. Bd3 Re8 18. Rce1 Qd7 19. Re2 h5 20. Rfe1 h4 21. Nf1 Nh5 22. Bf2 Rxe2 23. Nxe2 Bf6 24. Nh2 Re8 25. Nf3 Qd8 26. Nc1 Rxe1+ 27. Qxe1 Nxf4 28. Bb1 b5 29. Qe3 Nh5 30. Qe6 bxc4 31. bxc4 Bxc4 32. Qe1 Bxd5 33. Nxh4 Nf4 34. Bg3 Bd4+ 35. Kh1 Bf6 36. Bxf4 Bxh4 37. Qd2 Be6 38. Ne2 Bg5 39. a4 Bc4 40. Bxg5 Qxg5 41. Nf4 Qg3 42. Qc1 Ne5 43. Bc2 0-1

[Event "Jana Macieja mem."]
[Site "Warszawa POL"]
[Date "2022.07.08"]
[Round "2.15"]
[White "Golubka, Petro"]
[Black "Celinski, Kamil"]
[Result "1-0"]
[WhiteElo "2353"]
[BlackElo "1823"]
[WhiteFideId "-1"]
[BlackFideId "-1"]
[PlyCount "83"]
[GameId "2130307573937125"]
[EventDate "2022.07.08"]
[EventType "swiss"]
[EventRounds "9"]
[EventCountry "POL"]
[SourceTitle "10 Days #693"]
[Source "ChessMix"]
[SourceDate "2022.07.20"]
[SourceVersion "1"]
[SourceVersionDate "2022.07.20"]
[SourceQuality "1"]

1. e4 e5 2. Bc4 Nf6 3. d3 Nc6 4. a3 Bc5 5. Nc3 a6 6. h3 h6 7. f4 exf4 8. Bxf4 d6 9. Qd2 Be6 10. O-O-O b5 11. Bxe6 fxe6 12. Nf3 O-O 13. Ne2 e5 14. Be3 b4 15. axb4 Bxb4 16. c3 Ba5 17. Rhf1 Rb8 18. Qc2 Qe7 19. Qa4 Bb6 20. Bxh6 Na5 21. Bg5 Qe6 22. b4 Nb7 23. Kc2 c5 24. Qxa6 Bc7 25. Bxf6 Ra8 26. Qc4 Qxc4 27. dxc4 Rxf6 28. Ra1 Rb8 29. Nd2 Rg6 30. g4 Bb6 31. Ra6 Nd8 32. b5 Ne6 33. Rf5 Nc7 34. Ra1 Ne8 35. g5 d5 36. cxd5 Bc7 37. h4 Nd6 38. Rxe5 Nxb5 39. Re6 Rxe6 40. dxe6 Rb6 41. Ra8+ Kh7 42. e7 1-0

[Event "Jana Macieja mem."]
[Site "Warszawa POL"]
[Date "2022.07.08"]
[Round "3.14"]
[White "Malec, Sebastian"]
[Black "Golubka, Petro"]
[Result "0-1"]
[WhiteElo "2012"]
[BlackElo "2353"]
[WhiteFideId "-1"]
[BlackFideId "-1"]
[PlyCount "74"]
[GameId "2130307573937158"]
[EventDate "2022.07.08"]
[EventType "swiss"]
[EventRounds "9"]
[EventCountry "POL"]
[SourceTitle "10 Days #693"]
[Source "ChessMix"]
[SourceDate "2022.07.20"]
[SourceVersion "1"]
[SourceVersionDate "2022.07.20"]
[SourceQuality "1"]

1. e4 c5 2. Nf3 d6 3. d4 cxd4 4. Qxd4 a6 5. Bc4 e6 6. Nc3 Nc6 7. Qd3 Be7 8. Bf4 g5 9. Bg3 g4 10. Nd4 Ne5 11. Bxe5 dxe5 12. Nde2 Qxd3 13. Bxd3 h5 14. O-O-O Bd7 15. Kb1 Bc5 16. Rhf1 Ke7 17. f4 gxf3 18. gxf3 Nf6 19. h3 h4 20. f4 Bd6 21. f5 Rag8 22. Ng1 Rg3 23. Nf3 Rxh3 24. Be2 Rg3 25. Rd2 Bc6 26. Rfd1 Bc7 27. fxe6 fxe6 28. a4 h3 29. Nh2 Ba5 30. Bd3 Bxc3 31. bxc3 Bxa4 32. Bc4 Nxe4 33. Rd3 Nxc3+ 34. Kb2 Nxd1+ 35. Rxd1 Rg2 36. Nf3 Rxc2+ 37. Ka3 Rxc4 0-1

[Event "Jana Macieja mem."]
[Site "Warszawa POL"]
[Date "2022.07.08"]
[Round "4.11"]
[White "Golubka, Petro"]
[Black "Chiszko, Oskar"]
[Result "1-0"]
[WhiteElo "2353"]
[BlackElo "1694"]
[WhiteFideId "-1"]
[BlackFideId "-1"]
[PlyCount "46"]
[GameId "2130307573941287"]
[EventDate "2022.07.08"]
[EventType "swiss"]
[EventRounds "9"]
[EventCountry "POL"]
[SourceTitle "10 Days #693"]
[Source "ChessMix"]
[SourceDate "2022.07.20"]
[SourceVersion "1"]
[SourceVersionDate "2022.07.20"]
[SourceQuality "1"]

1. e4 c5 2. a3 d6 3. b4 cxb4 4. axb4 Nf6 5. d3 e5 6. c4 Be7 7. Nc3 O-O 8. Be2 Nc6 9. b5 Nd4 10. Nf3 Nxf3+ 11. Bxf3 Be6 12. O-O Nd7 13. Bg4 f5 14. exf5 Bf7 15. Bf3 Qc7 16. Be3 Nf6 17. Rxa7 Rxa7 18. b6 Qd8 19. bxa7 Qa5 20. Nb5 d5 21. Qa1 Qd8 22. Rd1 d4 23. Bg5 Qc8 1-0

[Event "Jana Macieja mem."]
[Site "Warszawa POL"]
[Date "2022.07.08"]
[Round "5.2"]
[White "Golubka, Petro"]
[Black "Kosakowski, Jakub"]
[Result "0-1"]
[WhiteElo "2353"]
[BlackElo "2476"]
[WhiteFideId "-1"]
[BlackFideId "-1"]
[PlyCount "124"]
[GameId "2130307573941314"]
[EventDate "2022.07.08"]
[EventType "swiss"]
[EventRounds "9"]
[EventCountry "POL"]
[SourceTitle "10 Days #693"]
[Source "ChessMix"]
[SourceDate "2022.07.20"]
[SourceVersion "1"]
[SourceVersionDate "2022.07.20"]
[SourceQuality "1"]

1. e4 c6 2. d4 d5 3. e5 Bf5 4. Be3 e6 5. Nd2 Nd7 6. c3 Ne7 7. Be2 h6 8. Ngf3 Bh7 9. O-O Nf5 10. Kh1 Be7 11. Bf4 g5 12. Be3 g4 13. Ne1 h5 14. Nd3 Bg5 15. Bxg5 Qxg5 16. Qe1 Qe7 17. a4 Rg8 18. Nf4 h4 19. g3 O-O-O 20. Bd3 Rde8 21. c4 f6 22. cxd5 exd5 23. Rc1 Kb8 24. e6 Nf8 25. Bxf5 Bxf5 26. Rc3 Nxe6 27. Re3 Qd7 28. Nh5 Qf7 29. Nf4 Nxf4 30. gxf4 Rxe3 31. Qxe3 Re8 32. Qa3 Qe7 33. Qc3 Qe2 34. a5 g3 35. Kg1 Bh3 36. hxg3 hxg3 37. Qxg3 Bxf1 38. Nxf1 a6 39. Ne3 Qh5 40. f5+ Ka8 41. Kf1 Qh1+ 42. Ke2 Qe4 43. Qg6 Qe7 44. Kf3 Rf8 45. Qh6 Rg8 46. Qh4 Rg5 47. Qh8+ Ka7 48. Qh6 Qe4+ 49. Ke2 Rxf5 50. Qh3 Rg5 51. Qd7 Qxd4 52. Qd6 Qxb2+ 53. Kf3 Qd4 54. Ke2 Re5 55. Kf3 Qe4+ 56. Kg3 d4 57. Ng4 Rg5 58. f4 Rd5 59. Qxf6 d3 60. Nf2 Qe3+ 61. Kg2 d2 62. Qe6 Qxe6 0-1

[Event "Jana Macieja mem."]
[Site "Warszawa POL"]
[Date "2022.07.08"]
[Round "7.5"]
[White "Golubka, Petro"]
[Black "Brodowski, Piotr"]
[Result "1/2-1/2"]
[WhiteElo "2353"]
[BlackElo "2431"]
[WhiteFideId "-1"]
[BlackFideId "-1"]
[PlyCount "123"]
[GameId "2130307573945483"]
[EventDate "2022.07.08"]
[EventType "swiss"]
[EventRounds "9"]
[EventCountry "POL"]
[SourceTitle "10 Days #693"]
[Source "ChessMix"]
[SourceDate "2022.07.20"]
[SourceVersion "1"]
[SourceVersionDate "2022.07.20"]
[SourceQuality "1"]

1. e4 d6 2. d4 Nf6 3. f3 c5 4. dxc5 Qa5+ 5. Nc3 Qxc5 6. Bb5+ Bd7 7. Qe2 a6 8. Bxd7+ Nbxd7 9. Be3 Qb4 10. O-O-O Rc8 11. Bd2 Qb6 12. Qe3 e6 13. Nge2 Be7 14. g4 Qxe3 15. Bxe3 Ne5 16. Rhf1 h5 17. g5 Nfd7 18. h4 Ng6 19. Bf2 f6 20. f4 fxg5 21. hxg5 Rf8 22. Bg3 b5 23. a3 Nb6 24. f5 Ne5 25. Kb1 Nbc4 26. Rh1 exf5 27. Rxh5 g6 28. Rh7 Bxg5 29. exf5 Rxf5 30. Nd4 Rf7 31. Rh8+ Kd7 32. Rxc8 Kxc8 33. Ne4 Be7 34. b3 Ne3 35. Re1 Nf5 36. Nxf5 gxf5 37. Nxd6+ Bxd6 38. Bxe5 Re7 39. Bc3 Rxe1+ 40. Bxe1 Bxa3 41. c4 bxc4 42. b4 f4 43. Kc2 f3 44. Kc3 Bc1 45. Bf2 Kb7 46. Kxc4 Kc6 47. Kd3 Kb5 48. Ke4 Kxb4 49. Kxf3 Bb2 50. Bb6 Kb5 51. Bd8 Bc3 52. Ke4 Ba5 53. Bxa5 Kxa5 54. Kd3 Kb4 55. Kc2 Ka3 56. Kb1 a5 57. Ka1 a4 58. Kb1 Kb3 59. Ka1 a3 60. Kb1 a2+ 61. Ka1 Kc2 62. Kxa2 1/2-1/2

[Event "Jana Macieja mem."]
[Site "Warszawa POL"]
[Date "2022.07.08"]
[Round "8.9"]
[White "Jarmula, Lukasz"]
[Black "Golubka, Petro"]
[Result "0-1"]
[WhiteElo "2246"]
[BlackElo "2353"]
[WhiteFideId "-1"]
[BlackFideId "-1"]
[PlyCount "100"]
[GameId "2130307573945523"]
[EventDate "2022.07.08"]
[EventType "swiss"]
[EventRounds "9"]
[EventCountry "POL"]
[SourceTitle "10 Days #693"]
[Source "ChessMix"]
[SourceDate "2022.07.20"]
[SourceVersion "1"]
[SourceVersionDate "2022.07.20"]
[SourceQuality "1"]

1. d4 b6 2. e4 Bb7 3. Bd3 e6 4. Qe2 g6 5. Nf3 Bg7 6. O-O d6 7. a4 a6 8. c4 Ne7 9. Nc3 h6 10. Bd2 Nbc6 11. d5 Nb4 12. Bb1 c5 13. dxe6 fxe6 14. Bf4 e5 15. Bg3 O-O 16. Nd5 Nbxd5 17. cxd5 b5 18. b3 Rb8 19. axb5 axb5 20. Bd3 Qb6 21. Nd2 Bc8 22. Kh1 g5 23. Qh5 Bd7 24. Ra2 Be8 25. Qe2 Ng6 26. Rfa1 Qd8 27. Ra7 Rf7 28. Rxf7 Kxf7 29. Ra7+ Kg8 30. Nf1 Nf4 31. Bxf4 gxf4 32. Nd2 Ra8 33. Rxa8 Qxa8 34. h3 Qa5 35. Kh2 h5 36. Nf3 Bf6 37. h4 Qb4 38. Qc2 Bd7 39. g3 Bg4 40. Be2 fxg3+ 41. fxg3 c4 42. bxc4 bxc4 43. Ng1 c3 44. Bxg4 hxg4 45. Qf2 Qb2 46. Ne2 Bg7 47. Qe3 c2 48. h5 c1=Q 49. Qxc1 Qxe2+ 50. Kg1 Qxe4 0-1

[Event "Jana Macieja mem."]
[Site "Warszawa POL"]
[Date "2022.07.08"]
[Round "9.4"]
[White "Golubka, Petro"]
[Black "Licznerski, Lukasz"]
[Result "1/2-1/2"]
[WhiteElo "2353"]
[BlackElo "2387"]
[WhiteFideId "-1"]
[BlackFideId "-1"]
[PlyCount "157"]
[GameId "2130307573949650"]
[EventDate "2022.07.08"]
[EventType "swiss"]
[EventRounds "9"]
[EventCountry "POL"]
[SourceTitle "10 Days #693"]
[Source "ChessMix"]
[SourceDate "2022.07.20"]
[SourceVersion "1"]
[SourceVersionDate "2022.07.20"]
[SourceQuality "1"]

1. d4 Nf6 2. Nf3 g6 3. c4 Bg7 4. Nc3 d5 5. Bf4 O-O 6. e3 c5 7. dxc5 Qa5 8. Qa4 Qxa4 9. Nxa4 Bd7 10. Nc3 Ne4 11. Nxd5 Nc6 12. O-O-O Rfd8 13. Bg3 Rac8 14. Bd3 Nxg3 15. hxg3 e6 16. Nf4 Ne7 17. Kb1 Rxc5 18. b3 Be8 19. Be4 Rb8 20. g4 Rc7 21. g5 b5 22. cxb5 Bxb5 23. Rc1 Rd7 24. Rhd1 Rxd1 25. Rxd1 a5 26. Nd4 Be8 27. Nc2 h6 28. gxh6 Bxh6 29. Nd3 Bg7 30. Nb2 Bb5 31. Nd4 Be8 32. Kc2 Nf5 33. Bxf5 gxf5 34. g3 Bf6 35. a4 Be7 36. Nc4 Rc8 37. Kd3 Rc5 38. f4 Bf6 39. Rg1 Kf8 40. Rc1 Be7 41. Rc2 Bd7 42. Ne5 Rd5 43. Nxd7+ Rxd7 44. Rc8+ Kg7 45. Ra8 Bb4 46. Ra6 Kf6 47. Kc4 Rd8 48. Nc6 Rc8 49. Kb5 Bd2 50. Nxa5 Bxe3 51. Nc6 Bf2 52. b4 Bxg3 53. a5 Bxf4 54. Rb6 Be3 55. Rb7 f4 56. Rd7 Rh8 57. Rd3 Kf5 58. a6 Ke4 59. Rd7 f5 60. a7 f3 61. Rh7 Ra8 62. Ka6 f2 63. Rh1 Bxa7 64. Nxa7 Kf3 65. b5 Kg2 66. Rd1 f1=Q 67. Rxf1 Kxf1 68. b6 f4 69. b7 Re8 70. Nc8 f3 71. b8=Q f2 72. Qb5+ Kg2 73. Qc6+ Kg1 74. Qxe8 f1=Q+ 75. Kb6 Qf2+ 76. Kc6 Qc2+ 77. Kd6 Qd3+ 78. Ke7 Qh7+ 79. Kxe6 1/2-1/2

[Event "Jana Macieja mem."]
[Site "Warszawa POL"]
[Date "2022.07.08"]
[Round "10.7"]
[White "Socko, Bartosz"]
[Black "Golubka, Petro"]
[Result "0-1"]
[WhiteElo "2624"]
[BlackElo "2353"]
[WhiteFideId "-1"]
[BlackFideId "-1"]
[PlyCount "44"]
[GameId "2130307573949689"]
[EventDate "2022.07.08"]
[EventType "swiss"]
[EventRounds "9"]
[EventCountry "POL"]
[SourceTitle "10 Days #693"]
[Source "ChessMix"]
[SourceDate "2022.07.20"]
[SourceVersion "1"]
[SourceVersionDate "2022.07.20"]
[SourceQuality "1"]

1. d4 d5 2. c4 c6 3. Nf3 Nf6 4. e3 e6 5. Nbd2 Nbd7 6. Bd3 b6 7. O-O Bb7 8. e4 dxe4 9. Nxe4 Be7 10. b3 Nxe4 11. Bxe4 Nf6 12. Bc2 c5 13. Bb2 O-O 14. Ne5 cxd4 15. Qxd4 Qxd4 16. Bxd4 Rfd8 17. Rad1 Bc5 18. Bxc5 bxc5 19. f3 Kf8 20. Kf2 Ke7 21. Ke3 a5 22. g4 h6 0-1

[Event "Jana Macieja mem."]
[Site "Warszawa POL"]
[Date "2022.07.08"]
[Round "11.3"]
[White "Golubka, Petro"]
[Black "Dziuba, Marcin"]
[Result "0-1"]
[WhiteElo "2353"]
[BlackElo "2466"]
[WhiteFideId "-1"]
[BlackFideId "-1"]
[PlyCount "94"]
[GameId "2130307573953817"]
[EventDate "2022.07.08"]
[EventType "swiss"]
[EventRounds "9"]
[EventCountry "POL"]
[SourceTitle "10 Days #693"]
[Source "ChessMix"]
[SourceDate "2022.07.20"]
[SourceVersion "1"]
[SourceVersionDate "2022.07.20"]
[SourceQuality "1"]

1. e4 c5 2. Nf3 d6 3. d4 cxd4 4. Nxd4 Nf6 5. f3 Nc6 6. Nc3 e6 7. Be3 Be7 8. Qd2 a6 9. g4 Qc7 10. O-O-O h6 11. h4 Ne5 12. Be2 Bd7 13. g5 Nh5 14. f4 Nc4 15. Bxc4 Qxc4 16. Rhg1 hxg5 17. hxg5 g6 18. Kb1 b5 19. b3 Qc7 20. f5 b4 21. Na4 e5 22. fxg6 fxg6 23. Ne2 Bxa4 24. bxa4 Rc8 25. Nc1 Qc6 26. Qd3 Qxa4 27. Nb3 Qc6 28. Rdf1 Qc4 29. Nc1 a5 30. Rd1 a4 31. Rgf1 Ng3 32. Rfe1 Nxe4 33. Ne2 Qxd3 34. cxd3 Nc3+ 35. Nxc3 bxc3 36. Re2 Kd7 37. d4 e4 38. Kc2 d5 39. Rb1 Rb8 40. Rxb8 Rxb8 41. Kxc3 Rc8+ 42. Kb2 Ke6 43. Rf2 Rf8 44. Re2 Rf3 45. Kc2 Kf5 46. Bd2 Bxg5 47. Bb4 Bf6 0-1

[Event "Bydgoszcz op"]
[Site "Bydgoszcz POL"]
[Date "2022.06.25"]
[Round "1.12"]
[White "Zaninotto, Franco"]
[Black "Golubka, Petro"]
[Result "0-1"]
[WhiteElo "2069"]
[BlackElo "2379"]
[WhiteFideId "-1"]
[BlackFideId "-1"]
[PlyCount "80"]
[GameId "2130307574474872"]
[EventDate "2022.06.25"]
[EventType "swiss"]
[EventRounds "10"]
[EventCountry "POL"]
[SourceTitle "10 Days #692"]
[Source "ChessMix"]
[SourceDate "2022.07.10"]
[SourceVersion "1"]
[SourceVersionDate "2022.07.10"]
[SourceQuality "1"]

1. e4 e6 2. d4 d5 3. Nd2 Nc6 4. Ngf3 Nf6 5. e5 Nd7 6. c3 f6 7. Nh4 g6 8. exf6 Qxf6 9. Ndf3 h6 10. g3 Bd6 11. Be2 Nf8 12. O-O Bd7 13. b4 O-O-O 14. a4 g5 15. Ng2 Ng6 16. a5 e5 17. b5 Nce7 18. b6 a6 19. bxc7 Bxc7 20. dxe5 Nxe5 21. Be3 N7c6 22. Nxe5 Qxe5 23. Bd4 Nxd4 24. cxd4 Qd6 25. Bh5 Rhf8 26. Ne3 Bb5 27. Re1 Qb4 28. Rb1 Qxa5 29. Qb3 Qd2 30. Ng4 Qxd4 31. Re7 Kb8 32. Rc1 Bb6 33. Rd1 Qc4 34. Qb1 Bc5 35. Rc1 Bxe7 36. Rxc4 dxc4 37. Ne5 Bc5 38. Bf3 g4 39. Bxg4 Rxf2 40. Kh1 Rdd2 0-1

[Event "Bydgoszcz op"]
[Site "Bydgoszcz POL"]
[Date "2022.06.26"]
[Round "2.3"]
[White "Golubka, Petro"]
[Black "Krasenkow, Michal"]
[Result "0-1"]
[WhiteElo "2379"]
[BlackElo "2569"]
[WhiteFideId "-1"]
[BlackFideId "-1"]
[PlyCount "108"]
[GameId "2130307574474877"]
[EventDate "2022.06.25"]
[EventType "swiss"]
[EventRounds "10"]
[EventCountry "POL"]
[SourceTitle "10 Days #692"]
[Source "ChessMix"]
[SourceDate "2022.07.10"]
[SourceVersion "1"]
[SourceVersionDate "2022.07.10"]
[SourceQuality "1"]

1. e4 g6 2. d4 Bg7 3. c3 d6 4. h4 Nf6 5. Bd3 e5 6. d5 Nbd7 7. Ne2 Nc5 8. Ng3 c6 9. c4 b5 10. dxc6 Nxd3+ 11. Qxd3 bxc4 12. Qxc4 Qb6 13. Nc3 Ba6 14. Qa4 O-O 15. Nge2 Rfc8 16. Be3 Qxc6 17. Qxc6 Rxc6 18. Rd1 Ng4 19. Bc1 f5 20. f3 Nf6 21. Bg5 fxe4 22. fxe4 Rb8 23. Rd2 Ng4 24. Rh3 Rb7 25. Rg3 h5 26. Nd5 Kf7 27. Rf3+ Ke6 28. Nec3 Rc8 29. g3 Rf8 30. Rxf8 Bxf8 31. Kd1 Rf7 32. Kc2 Bb7 33. Re2 Rf3 34. b4 Rxg3 35. b5 Rf3 36. a4 Nf2 37. Nc7+ Kd7 38. N7d5 Nh3 39. Be3 Nf4 40. Rf2 Rxf2+ 41. Bxf2 Nxd5 42. Nxd5 a6 43. bxa6 Bxa6 44. Nb4 Bb7 45. Kd3 Be7 46. a5 g5 47. hxg5 Bxg5 48. a6 Ba8 49. Nc2 h4 50. Ne3 h3 51. Ng4 Bf4 52. Bg1 Ke6 53. Nh2 Kf6 54. Nf3 Kg6 0-1

[Event "Bydgoszcz op"]
[Site "Bydgoszcz POL"]
[Date "2022.06.27"]
[Round "3.12"]
[White "Lambrecht, Tomasz"]
[Black "Golubka, Petro"]
[Result "0-1"]
[WhiteElo "1956"]
[BlackElo "2379"]
[WhiteFideId "-1"]
[BlackFideId "-1"]
[PlyCount "104"]
[GameId "2130307574474896"]
[EventDate "2022.06.25"]
[EventType "swiss"]
[EventRounds "10"]
[EventCountry "POL"]
[SourceTitle "10 Days #692"]
[Source "ChessMix"]
[SourceDate "2022.07.10"]
[SourceVersion "1"]
[SourceVersionDate "2022.07.10"]
[SourceQuality "1"]

1. d4 Nf6 2. Nf3 g6 3. c4 Bg7 4. Nc3 d6 5. e4 O-O 6. Be2 Bg4 7. Be3 Bxf3 8. Bxf3 e5 9. Be2 exd4 10. Bxd4 Nc6 11. Be3 Nd7 12. O-O Re8 13. Bd3 Nc5 14. f3 Bxc3 15. bxc3 Qf6 16. Bxc5 dxc5 17. Qc2 Qf4 18. Rad1 Rad8 19. Rfe1 Ne5 20. Bf1 h5 21. h3 h4 22. Kh1 g5 23. Rxd8 Rxd8 24. Rd1 Rxd1 25. Qxd1 Kg7 26. Qe1 b6 27. Kg1 Kf6 28. Kh1 Ke7 29. Kg1 f6 30. Kh1 Qg3 31. Qd2 c6 32. Qe2 Qf4 33. Qe1 Kd6 34. Qd1+ Kc7 35. Qe1 Ng6 36. Kg1 Qe5 37. Qd2 Nf4 38. Qc2 Qd6 39. Kh1 Nh5 40. Kg1 Ng3 41. Bd3 Qf4 42. Kf2 Nh5 43. Bf1 Qg3+ 44. Kg1 Qe1 45. Qa4 a5 46. Qc2 Ng3 47. Qf2 Qxc3 48. f4 Nxe4 49. Qe2 Qd4+ 50. Kh2 Ng3 51. Qe7+ Qd7 52. Qe1 gxf4 0-1

[Event "Bydgoszcz op"]
[Site "Bydgoszcz POL"]
[Date "2022.06.28"]
[Round "4.10"]
[White "Golubka, Petro"]
[Black "Fiedorek, Michal"]
[Result "1/2-1/2"]
[WhiteElo "2379"]
[BlackElo "2321"]
[WhiteFideId "-1"]
[BlackFideId "-1"]
[PlyCount "68"]
[GameId "2130307574474914"]
[EventDate "2022.06.25"]
[EventType "swiss"]
[EventRounds "10"]
[EventCountry "POL"]
[SourceTitle "10 Days #692"]
[Source "ChessMix"]
[SourceDate "2022.07.10"]
[SourceVersion "1"]
[SourceVersionDate "2022.07.10"]
[SourceQuality "1"]

1. e4 c6 2. d4 d5 3. Nd2 dxe4 4. Nxe4 Bf5 5. Nc3 Nf6 6. Bc4 e6 7. Nf3 Bd6 8. h3 h6 9. Qe2 Nbd7 10. a3 Qc7 11. Be3 Nb6 12. Bd3 Bxd3 13. Qxd3 Nbd5 14. O-O g5 15. Nxd5 cxd5 16. b3 Rc8 17. Rfc1 Qc3 18. Qb5+ Qc6 19. a4 O-O 20. Qf1 Bb8 21. c4 dxc4 22. bxc4 Qe4 23. Nd2 Qg6 24. g3 Nh5 25. Rab1 f5 26. Qd3 Qf7 27. d5 e5 28. g4 e4 29. Qe2 Nf4 30. Bxf4 Bxf4 31. Rc3 Be5 32. Rcb3 fxg4 33. Nxe4 Qf4 34. Qxg4 Qxg4+ 1/2-1/2

[Event "Bydgoszcz op"]
[Site "Bydgoszcz POL"]
[Date "2022.06.29"]
[Round "5.11"]
[White "Malek, Jan"]
[Black "Golubka, Petro"]
[Result "1-0"]
[WhiteElo "2320"]
[BlackElo "2379"]
[WhiteFideId "-1"]
[BlackFideId "-1"]
[PlyCount "79"]
[GameId "2130307574479036"]
[EventDate "2022.06.25"]
[EventType "swiss"]
[EventRounds "10"]
[EventCountry "POL"]
[SourceTitle "10 Days #692"]
[Source "ChessMix"]
[SourceDate "2022.07.10"]
[SourceVersion "1"]
[SourceVersionDate "2022.07.10"]
[SourceQuality "1"]

1. e4 e5 2. Nf3 Nc6 3. Bb5 Nge7 4. c3 a6 5. Ba4 d6 6. d4 Bd7 7. Be3 Ng6 8. h4 h5 9. g3 Be7 10. d5 Nb8 11. Bxd7+ Nxd7 12. c4 Nf6 13. Nc3 Ng4 14. Qa4+ Qd7 15. Qxd7+ Kxd7 16. Ke2 Nxe3 17. fxe3 Nf8 18. b4 Ke8 19. Nd2 Nd7 20. Nb3 b6 21. Kd3 Rh6 22. a4 Rg6 23. a5 Rxg3 24. b5 Nb8 25. Ra4 Nd7 26. axb6 Nxb6 27. Rxa6 Rg4 28. Na4 Rb8 29. Ra1 Bxh4 30. Na5 f5 31. Nc6 fxe4+ 32. Kc2 Rg2+ 33. Kb3 Rb7 34. Na5 Rb8 35. Nc6 Rb7 36. Nxb6 cxb6 37. Rf1 Bf6 38. c5 dxc5 39. Ra8+ Kd7 40. Rxf6 1-0

[Event "Bydgoszcz op"]
[Site "Bydgoszcz POL"]
[Date "2022.06.30"]
[Round "6.11"]
[White "Golubka, Petro"]
[Black "Paprocki, Jaroslaw"]
[Result "1-0"]
[WhiteElo "2379"]
[BlackElo "2165"]
[WhiteFideId "-1"]
[BlackFideId "-1"]
[PlyCount "85"]
[GameId "2130307574479061"]
[EventDate "2022.06.25"]
[EventType "swiss"]
[EventRounds "10"]
[EventCountry "POL"]
[SourceTitle "10 Days #692"]
[Source "ChessMix"]
[SourceDate "2022.07.10"]
[SourceVersion "1"]
[SourceVersionDate "2022.07.10"]
[SourceQuality "1"]

1. d4 Nf6 2. c4 e6 3. Nc3 Bb4 4. Qc2 O-O 5. Bg5 d5 6. e3 Nbd7 7. Nf3 b6 8. cxd5 exd5 9. Bb5 h6 10. Bh4 g5 11. Bg3 Bb7 12. O-O c6 13. Bd3 Nh5 14. Be5 Nxe5 15. Nxe5 Bd6 16. f4 gxf4 17. exf4 c5 18. Nb5 Ba6 19. Nxd6 Bxd3 20. Nxd3 c4 21. Nxc4 Rc8 22. Nde5 dxc4 23. Rad1 Qd5 24. Rf3 f5 25. Qf2 Kh7 26. Qh4 Nf6 27. Rg3 Ng8 28. Qh5 Rf6 29. Ng4 Rfc6 30. Ne3 Qd7 31. Nxf5 Qe8 32. Rg7+ Kh8 33. Qg4 R6c7 34. d5 Qf8 35. Rxc7 Rxc7 36. d6 Nf6 37. Qh3 Rh7 38. Nh4 Qe8 39. Qc3 Rf7 40. d7 Qd8 41. Ng6+ Kg7 42. Ne5 Re7 43. a4 1-0

[Event "Bydgoszcz op"]
[Site "Bydgoszcz POL"]
[Date "2022.07.01"]
[Round "7.8"]
[White "Golubka, Petro"]
[Black "Hnydiuk, Aleksander"]
[Result "1-0"]
[WhiteElo "2379"]
[BlackElo "2394"]
[WhiteFideId "-1"]
[BlackFideId "-1"]
[PlyCount "97"]
[GameId "2130307574479083"]
[EventDate "2022.06.25"]
[EventType "swiss"]
[EventRounds "10"]
[EventCountry "POL"]
[SourceTitle "10 Days #692"]
[Source "ChessMix"]
[SourceDate "2022.07.10"]
[SourceVersion "1"]
[SourceVersionDate "2022.07.10"]
[SourceQuality "1"]

1. c4 c6 2. Qa4 e5 3. Nc3 Nf6 4. Nf3 Bd6 5. e4 O-O 6. Be2 Na6 7. O-O Nc5 8. Qc2 Ne6 9. d3 Qe7 10. a3 a5 11. Be3 Ng4 12. Bd2 Bc5 13. Na4 Ba7 14. h3 Nf6 15. Be3 d6 16. Rfe1 Bd7 17. Bf1 Bxe3 18. fxe3 b5 19. cxb5 cxb5 20. Nb6 Rab8 21. Nxd7 Qxd7 22. b4 Rfc8 23. Qb2 Qa7 24. Kh2 Rc7 25. d4 Nxe4 26. dxe5 dxe5 27. Qxe5 Nc3 28. Nd4 Nxd4 29. exd4 Rcc8 30. d5 Qd7 31. bxa5 Qxd5 32. Rac1 Qxe5+ 33. Rxe5 g6 34. Re3 Nd5 35. Rxc8+ Rxc8 36. Rb3 Nc3 37. a6 Ne4 38. Bxb5 Nd6 39. Be2 Ra8 40. Rb6 Nc8 41. Rb7 Kg7 42. a4 Kf6 43. a5 Ke6 44. Bc4+ Ke5 45. Rxf7 Nd6 46. Re7+ Kd4 47. Be2 Kc5 48. a7 Nc8 49. Re8 1-0

[Event "Bydgoszcz op"]
[Site "Bydgoszcz POL"]
[Date "2022.07.02"]
[Round "8.6"]
[White "Maksimenko, Andrei"]
[Black "Golubka, Petro"]
[Result "1-0"]
[WhiteElo "2434"]
[BlackElo "2379"]
[WhiteFideId "-1"]
[BlackFideId "-1"]
[PlyCount "101"]
[GameId "2130307574479105"]
[EventDate "2022.06.25"]
[EventType "swiss"]
[EventRounds "10"]
[EventCountry "POL"]
[SourceTitle "10 Days #692"]
[Source "ChessMix"]
[SourceDate "2022.07.10"]
[SourceVersion "1"]
[SourceVersionDate "2022.07.10"]
[SourceQuality "1"]

1. d4 d5 2. c4 c6 3. Nf3 Nf6 4. Nbd2 Bf5 5. Nh4 Bg6 6. Qb3 Qb6 7. Qh3 Nbd7 8. Nxg6 fxg6 9. e3 e5 10. dxe5 Ne4 11. Bd3 Bb4 12. Bxe4 dxe4 13. O-O Qc5 14. Qe6+ Qe7 15. Qxe7+ Kxe7 16. Nxe4 Nxe5 17. a3 Ba5 18. b3 Nd3 19. Rd1 Rhd8 20. Kf1 h6 21. Ke2 Nxc1+ 22. Raxc1 Bc7 23. f4 g5 24. fxg5 hxg5 25. h3 g4 26. hxg4 a5 27. Rxd8 Rxd8 28. Rd1 Rb8 29. a4 b5 30. cxb5 cxb5 31. Nc3 bxa4 32. Nd5+ Kd6 33. Nxc7+ Kxc7 34. bxa4 Rb2+ 35. Rd2 Rb4 36. Rd4 Rb2+ 37. Kf3 Ra2 38. g5 g6 39. g4 Kc6 40. Ke4 Ra3 41. Kf3 Kc5 42. Rf4 Kd5 43. Rf6 Rxa4 44. Rxg6 Kc5 45. Ra6 Kb5 46. g6 Rc4 47. Ra8 Rc7 48. Kf4 a4 49. Kg5 Kb4 50. Kh6 a3 51. g7 1-0